The Theoretical Biologist's Toolbox: Quantitative Methods for Ecology and Evolutionary Biology
Salvato in:
| Autore principale: | |
|---|---|
| Natura: | Libro |
| Lingua: | inglese |
| Pubblicazione: |
Cambridge
Cambridge University Press
2006
|
| Edizione: | 1a. ed |
| Soggetti: | |
| Tags: |
Aggiungi Tag
Nessun Tag, puoi essere il primo ad aggiungerne!!
|
MARC
| LEADER | 00000cam a2200000 a 4500 | ||
|---|---|---|---|
| 001 | UCJ9758 | ||
| 003 | CL-VaPUC | ||
| 008 | 070405e20060000UK |||||||||||||||||eng|d | ||
| 020 | |a 0521537487 | ||
| 082 | 0 | 4 | |a 577 |b MAN |2 21 |
| 100 | |a Mangel, Marc |e autor |9 519838 | ||
| 245 | 1 | 4 | |a The Theoretical Biologist's Toolbox: Quantitative Methods for Ecology and Evolutionary Biology |
| 250 | |a 1a. ed | ||
| 300 | |a 375 p | ||
| 942 | |c BK | ||
| 945 | |d 20070405 00:00:00 |a lvergara | ||
| 260 | |a Cambridge |b Cambridge University Press |c 2006 | ||
| 650 | 7 | |a DISEÑO ESTADISTICO |2 CL-VaPUC |9 324713 | |
| 650 | 0 | |a Ecología |9 258124 | |
| 650 | 0 | |a Modelos matemáticos |9 259437 | |
| 650 | 0 | |a Biología |9 262022 | |
| 650 | 0 | |a Evolución |9 259442 | |
| 583 | |a last modification |c 20121217 08:37:32 |k Rodrigo Vera | ||
| 999 | |c 325167 |d 325165 | ||
| 952 | |0 0 |1 0 |4 0 |6 577_000000000000000_MAN_2006 |7 0 |8 A |9 405781 |a BIBMAT |b BIBMAT |d 2019-11-22 |i 4327187 |o 577 MAN 2006 |p 4327187 |r 2025-01-07 |w 2019-11-22 |y BK |k MAT | ||
| 952 | |0 0 |1 0 |4 0 |6 577_000000000000000_MAN_2006 |7 0 |8 A |9 405782 |a BIBMAT |b BIBMAT |d 2019-11-22 |i 4918762 |o 577 MAN 2006 |p 4918762 |r 2025-01-07 |w 2019-11-22 |y BK |k MAT | ||